[Event "EU-ch Amateur Online 1700/2000"]
[Site "Tornelo INT"]
[Date "2021.04.24"]
[Round "7"]
[White "Litras, Iosif"]
[Black "Jasso, Matej"]
[Result "1-0"]
[WhiteElo "1920"]
[BlackElo "1690"]
[PlyCount "65"]
[EventDate "2021.04.24"]
[EventType "swiss (rapid)"]
[EventRounds "8"]
[EventCountry "NET"]
[SourceTitle "EXT 2023"]
[Source "ChessBase"]
[SourceDate "2022.10.05"]
[SourceVersion "1"]
[SourceVersionDate "2022.10.05"]
[SourceQuality "1"]

1. e4 c5 2. Nc3 e6 3. g3 Ne7 4. Bg2 g6 5. d3 Bg7 6. Be3 d6 7. Qd2 Nbc6 8. Bh6 0-0 9. h4 Nd4 10. h5 Bh8 11. 0-0-0 f5 12. hxg6 Nxg6 13. Bxf8 Qxf8 14. exf5 Qxf5 15. Be4 Qf7 16. Nh3 Bf6 17. Ng5 Bxg5 18. Qxg5 Nf5 19. g4 Nfe7 20. Rh2 d5 21. Bxg6 Nxg6 22. Rdh1 Bd7 23. Qh5 Nf8 24. Qg5+ Ng6 25. Qh6 Nf8 26. f4 Qg7 27. f5 Qxg4 28. fxe6 Qxe6 29. Rg2+ Ng6 30. Qxh7+ Kf8 31. Rxg6 Qe3+ 32. Kb1 Bh3 33. Rg8# 1-0

[Event "EU-ch Amateur Online 1700/2000"]
[Site "Tornelo INT"]
[Date "2021.04.24"]
[Round "8"]
[White "Roubal, Matyas"]
[Black "Litras, Iosif"]
[Result "0-1"]
[WhiteElo "1643"]
[BlackElo "1920"]
[PlyCount "42"]
[EventDate "2021.04.24"]
[EventType "swiss (rapid)"]
[EventRounds "8"]
[EventCountry "NET"]
[SourceTitle "EXT 2023"]
[Source "ChessBase"]
[SourceDate "2022.10.05"]
[SourceVersion "1"]
[SourceVersionDate "2022.10.05"]
[SourceQuality "1"]

1. e4 c5 2. Nf3 d6 3. d4 cxd4 4. Qxd4 Bd7 5. Bg5 Nc6 6. Qd2 Nf6 7. Nc3 a6 8. 0-0-0 Rc8 9. a3 b5 10. Bd3 b4 11. axb4 Nxb4 12. Rhe1 Qa5 13. Kb1 Be6 14. b3 Nxd3 15. Qxd3 Qxc3 16. Qxa6 Qxc2+ 17. Ka1 Qc3+ 18. Kb1 Qxb3+ 19. Ka1 Qc3+ 20. Kb1 Rb8+ 21. Qb5+ Rxb5# 0-1

[Event "Ambelokipi op 170th"]
[Site "Athens"]
[Date "2018.10.03"]
[Round "4"]
[White "Litras, Iosif"]
[Black "Finokaliotis, Georgios"]
[Result "1-0"]
[WhiteElo "1870"]
[BlackElo "2102"]
[PlyCount "81"]
[EventDate "2018.09.12"]
[EventType "swiss"]
[EventRounds "7"]
[EventCountry "GRE"]
[SourceTitle "EXT 2020"]
[Source "ChessBase"]
[SourceDate "2019.10.17"]
[SourceVersion "1"]
[SourceVersionDate "2019.10.17"]
[SourceQuality "1"]

1. e4 c6 2. d3 d5 3. Nd2 e5 4. Ngf3 Bd6 5. g3 Nf6 6. Bg2 0-0 7. 0-0 Re8 8. Re1 Nbd7 9. Qe2 Nf8 10. Nh4 Bg4 11. f3 Qb6+ 12. Kh1 Be6 13. Nf1 Ng6 14. Nf5 Bf8 15. N5e3 Rad8 16. Nd1 h6 17. Nfe3 c5 18. c4 d4 19. Nf5 Ne7 20. Nxe7+ Bxe7 21. f4 Bg4 22. Qc2 exf4 23. gxf4 Nh5 24. Nf2 Bh4 25. Rg1 f5 26. Nxg4 fxg4 27. Qd1 Bf2 28. Rf1 Be3 29. Bxe3 dxe3 30. Qxg4 Nf6 31. Qe2 Rd4 32. e5 Nh7 33. Bd5+ Kh8 34. Qxe3 Qxb2 35. Rab1 Qc2 36. Rxb7 Rxd3 37. Qe4 Rd2 38. Qxc2 Rxc2 39. Rg1 Ng5 40. fxg5 Rf8 41. gxh6 1-0

[Event "Ambelokipi op 163th"]
[Site "Athens"]
[Date "2017.04.05"]
[Round "6"]
[White "Litras, Iosif"]
[Black "Sideris, Theodoros"]
[Result "1/2-1/2"]
[WhiteElo "1834"]
[BlackElo "1953"]
[PlyCount "47"]
[EventDate "2017.03.01"]
[EventType "swiss"]
[EventRounds "7"]
[EventCountry "GRE"]
[SourceTitle "EXT 2024"]
[Source "ChessBase"]
[SourceDate "2023.10.10"]
[SourceVersion "1"]
[SourceVersionDate "2023.10.10"]
[SourceQuality "1"]

1. e4 c5 2. Nc3 Nc6 3. f4 g6 4. Nf3 Bg7 5. Bc4 e6 6. d3 Nge7 7. a3 0-0 8. 0-0 d5 9. Ba2 d4 10. Ne2 b5 11. Qe1 Ba6 12. Qh4 Nc8 13. Qh3 c4 14. f5 exf5 15. exf5 Nd6 16. Ng5 h6 17. fxg6 Bc8 18. gxf7+ Nxf7 19. Nxf7 Rxf7 20. Qg3 Rxf1+ 21. Kxf1 Qf6+ 22. Qf2 Qxf2+ 23. Kxf2 Be6 24. Bf4 1/2-1/2